LEADER 06571nam 2200781 450 001 9910825366503321 005 20230912145703.0 010 $a1-118-70165-8 010 $a1-118-70159-3 010 $a1-118-70162-3 035 $a(CKB)2550000001123492 035 $a(EBL)1414122 035 $a(SSID)ssj0001000034 035 $a(PQKBManifestationID)11537145 035 $a(PQKBTitleCode)TC0001000034 035 $a(PQKBWorkID)10944244 035 $a(PQKB)10241604 035 $a(DLC) 2013026200 035 $a(Au-PeEL)EBL1414122 035 $a(CaPaEBR)ebr10768988 035 $a(CaONFJC)MIL525209 035 $a(OCoLC)861536836 035 $a(CaSebORM)9781118581575 035 $a(MiAaPQ)EBC1414122 035 $a(MiAaPQ)EBC4434862 035 $a(PPN)233483918 035 $a(EXLCZ)992550000001123492 100 $a20130621d2014 uy| 0 101 0 $aeng 135 $aur||||||||||| 181 $ctxt 182 $cc 183 $acr 200 10$aDesign of rotating electrical machines /$fJuha Pyrho?nen, Tapani Jokinen, Vale?ria Hrabovcova? 205 $aSecond edition. 210 1$aChichester, West Sussex, United Kingdom :$cWiley,$d2014. 215 $a1 online resource (614 p.) 300 $aDescription based upon print version of record. 311 $a1-118-58157-1 311 $a1-299-93958-9 320 $aIncludes bibliographical references and index. 327 $aDESIGN OF ROTATING ELECTRICAL MACHINES; Contents; Preface; About the Authors; Abbreviations and Symbols; 1 Principal Laws and Methods in Electrical Machine Design; 1.1 Electromagnetic Principles; 1.2 Numerical Solution; 1.3 The Most Common Principles Applied to Analytic Calculation; 1.3.1 Flux Line Diagrams; 1.3.2 Flux Diagrams for Current-Carrying Areas; 1.4 Application of the Principle of Virtual Work in the Determination of Force and Torque; 1.5 Maxwell's Stress Tensor; Radial and Tangential Stress; 1.6 Self-Inductance and Mutual Inductance; 1.7 Per Unit Values; 1.8 Phasor Diagrams 327 $aBibliography 2 Windings of Electrical Machines; 2.1 Basic Principles; 2.1.1 Salient-Pole Windings; 2.1.2 Slot Windings; 2.1.3 End Windings; 2.2 Phase Windings; 2.3 Three-Phase Integral Slot Stator Winding; 2.4 Voltage Phasor Diagram and Winding Factor; 2.5 Winding Analysis; 2.6 Short Pitching; 2.7 Current Linkage of a Slot Winding; 2.8 Poly-Phase Fractional Slot Windings; 2.9 Phase Systems and Zones of Windings; 2.9.1 Phase Systems; 2.9.2 Zones of Windings; 2.10 Symmetry Conditions; 2.10.1 Symmetrical Fractional Slot Windings; 2.11 Base Windings 327 $a2.11.1 First-Grade Fractional Slot Base Windings 2.11.2 Second-Grade Fractional Slot Base Windings; 2.11.3 Integral Slot Base Windings; 2.12 Fractional Slot Windings; 2.12.1 Single-Layer Fractional Slot Windings; 2.12.2 Double-Layer Fractional Slot Windings; 2.13 Single- and Double-Phase Windings; 2.14 Windings Permitting a Varying Number of Poles; 2.15 Commutator Windings; 2.15.1 Lap Winding Principles; 2.15.2 Wave Winding Principles; 2.15.3 Commutator Winding Examples, Balancing Connectors; 2.15.4 AC Commutator Windings; 2.15.5 Current Linkage of the Commutator Winding and Armature Reaction 327 $a2.16 Compensating Windings and Commutating Poles 2.17 Rotor Windings of Asynchronous Machines; 2.18 Damper Windings; Bibliography; 3 Design of Magnetic Circuits; 3.1 Air Gap and its Magnetic Voltage; 3.1.1 Air Gap and Carter Factor; 3.1.2 Air Gaps of a Salient-Pole Machine; 3.1.3 Air Gap of Nonsalient-Pole Machine; 3.2 Equivalent Core Length; 3.3 Magnetic Voltage of a Tooth and a Salient Pole; 3.3.1 Magnetic Voltage of a Tooth; 3.3.2 Magnetic Voltage of a Salient Pole; 3.4 Magnetic Voltage of Stator and Rotor Yokes; 3.5 No-Load Curve, Equivalent Air Gap and Magnetizing Current of the Machine 327 $a3.6 Magnetic Materials of a Rotating Machine 3.6.1 Characteristics of Ferromagnetic Materials; 3.6.2 Losses in Iron Circuits; 3.7 Permanent Magnets in Rotating Machines; 3.7.1 History and Development of Permanent Magnets; 3.7.2 Characteristics of Permanent Magnet Materials; 3.7.3 Operating Point of a Permanent Magnet Circuit; 3.7.4 Demagnetization of Permanent Magnets; 3.7.5 Application of Permanent Magnets in Electrical Machines; 3.8 Assembly of Iron Stacks; Bibliography; 4 Inductances; 4.1 Magnetizing Inductance; 4.2 Leakage Inductances; 4.2.1 Division of Leakage Flux Components 327 $a4.3 Calculation of Flux Leakage 330 $a"This book is an in-depth essential reference of rotating electrical machine design theory and application. In the first part of the book the general theory governing the design of an electrical machine is presented; addressing the necessary fundamentals of electromagnetic theory; exploring possible winding arrangements and resistances; describing the behaviour of the magnetic circuit and flux leakage. After this introduction of principles the main body of the book focuses on the design of a rotating electrical machine. The book defines basic characteristics such as machine type (e.g. synchronous, asynchronous, DC and doubly salient reluctance machines) and type of construction (e.g. external pole, internal pole, axial flux and radial flux machines). It then moves on to provide a detailed analysis of the design process and properties of rotating electrical machines including the insulation and heat removal options. The book illustrates the necessary analytical calculations for machine design through direct design examples i.e. a permanent magnet motor for normal speeds with rotor surface magnets, traditional squirrel cage induction motor, a low speed high torque fractional slot permanent magnet motor etc."--$cProvided by publisher. 606 $aElectric machinery$xDesign and construction 606 $aElectric generators$xDesign and construction 606 $aElectric motors$xDesign and construction 606 $aRotational motion 615 0$aElectric machinery$xDesign and construction. 615 0$aElectric generators$xDesign and construction. 615 0$aElectric motors$xDesign and construction. 615 0$aRotational motion. 676 $a621.31/042 686 $aTEC031000$2bisacsh 700 $aPyrhonen$b Juha$0517509 701 $aJokinen$b Tapani$f1937-$0517510 701 $aHrabovcova?$b Valeria$0845563 801 0$bMiAaPQ 801 1$bMiAaPQ 801 2$bMiAaPQ 906 $aBOOK 912 $a9910825366503321 996 $aDesign of rotating electrical machines$91887737 997 $aUNINA LEADER 04556nam 22006975 450 001 9910863184903321 005 20250610110508.0 010 $a9783030544669 010 $a3030544664 024 7 $a10.1007/978-3-030-54466-9 035 $a(CKB)4100000011610071 035 $a(MiAaPQ)EBC6408034 035 $a(DE-He213)978-3-030-54466-9 035 $a(Perlego)3480684 035 $a(MiAaPQ)EBC29090564 035 $a(iGPub)SPNA0070635 035 $a(EXLCZ)994100000011610071 100 $a20201124d2020 u| 0 101 0 $aeng 135 $aurnn|008mamaa 181 $ctxt$2rdacontent 182 $cc$2rdamedia 183 $acr$2rdacarrier 200 10$aArgentinean Literary Orientalism $eFrom Esteban Echeverría to Roberto Arlt /$fby Axel Gasquet 205 $a1st ed. 2020. 210 1$aCham :$cSpringer International Publishing :$cImprint: Palgrave Macmillan,$d2020. 215 $a1 online resource (XIV, 304 p. 1 illus.) 225 1 $aHistorical and Cultural Interconnections between Latin America and Asia,$x2946-4285 311 08$a9783030544652 311 08$a3030544656 320 $aIncludes bibliographical references and index. 327 $a1 Introduction -- 2 European Archetypes and the Debate about the Eastern Question -- Part I: The East in the Pampa -- 3 The Romantic import of Esteban Echeverría and Juan B. Alberdi -- 4 : The Ideological Oriental Translation of Domingo F. Sarmiento -- Part II: Eastern Stamps of Cosmopolites, Tourists and Positivists -- 5 The Worldly Splendor of Lucio V. Mansilla -- 6 The Measured Enlightenment of Pastor S. Obligado -- 7 The Hygienist Modernity of Eduardo F. Wilde -- Part III: Mirrors of the East -- 8 Arabesques and Chinerías: the Imaginary of Leopoldo Lugones -- 9 The Aestheticizing Traditionalism of Jorge Max Rohde -- 10 Roberto Arlt's Moorish and African Fiction -- 11 General Conclusion. 330 $aThis book examines the modes of representation of the East in Argentinean literature since the country's independence, in works by canonical authors such as Esteban Echeverría, Juan B. Alberdi, Domingo F. Sarmiento, Lucio V. Mansilla, Pastor S. Obligado, Eduardo F. Wilde, Leopoldo Lugones, and Roberto Arlt. The East, which has always fascinated intellectuals and artists from the Americas, inspired the creation of imaginary elements for both aesthetic and political purposes, from the depiction of purportedly despotic rulers to a genuine admiration for Eastern history and millennial cultures. These writers appropriated the East either through their travels or by reading chronicles, integrating along the way images that would end up being universalized by the Argentinean dichotomy between civilization and barbarism, all the while assigning the negative stereotypes of the exotic East to the Pampa region. With time, the exoticism of the Eastern world would shed its geopolitical meaning andwas ultimately integrated into the national literature, thus adding new elements into the Argentinean imaginary. Axel Gasquet is Professor of Latin American Studies at the University Clermont Auvergne, France, and principal researcher at IHRIM of French National Council for Scientific Research (CNRS). He has published twelve monographs, including La cultura extraterritorial argentina (2020) and El llamado de Oriente (2015), coedited eleven essay collections and edited five critical editions, including Cultural and Literary Dialogues between Asia and Latin America (2020) and José Rizal's Noli me tangere (2019). 410 0$aHistorical and Cultural Interconnections between Latin America and Asia,$x2946-4285 606 $aEthnology$zLatin America 606 $aCulture 606 $aLatin American literature 606 $aLatin America$xHistory 606 $aOriental literature 606 $aLatin American Culture 606 $aLatin American/Caribbean Literature 606 $aLatin American History 606 $aAsian Literature 615 0$aEthnology 615 0$aCulture. 615 0$aLatin American literature. 615 0$aLatin America$xHistory. 615 0$aOriental literature. 615 14$aLatin American Culture. 615 24$aLatin American/Caribbean Literature. 615 24$aLatin American History. 615 24$aAsian Literature. 676 $a860.9982 700 $aGasquet$b Axel$0971624 801 0$bMiAaPQ 801 1$bMiAaPQ 801 2$bMiAaPQ 906 $aBOOK 912 $a9910863184903321 996 $aArgentinean literary orientalism$92208978 997 $aUNINA